000
00305nam a2200121Ia 4500
008
240624s9999 xx 000 0 und d
041
_a
eng
082
_a
332.024 STE
100
_a
LUCIA RAYMOND J
245
_a
BUCKETS OF MONEY RETIREMENT SOLUTION THE
260
_c
2010
_a
New Jersey
_b
Wiley
365
_c
RS
999
_c
30768
_d
30768